书目信息 |
| 题名: |
现代建筑施工技术
|
|
| 作者: | 李大华 , 杨博 主编 | |
| 分册: | ||
| 出版信息: | 合肥 安徽科学技术出版社 2001 |
|
| 页数: | 499页 | |
| 开本: | 26cm | |
| 丛书名: | ||
| 单 册: | ||
| 中图分类: | TU74 | |
| 科图分类: | ||
| 主题词: | 建筑工程--工程施工--技术 | |
| 电子资源: | ||
| ISBN: | 7-5337-2127-6 | |
| 000 | 00619nam0 2200205 45 | |
| 001 | 0259981730 | |
| 005 | 2002040816394138 | |
| 010 | @a7-5337-2127-6@dRMB 35.00 | |
| 100 | @a20020408d2001 km y0chiy0120 ea | |
| 101 | 0 | @achi |
| 102 | @aCN@b340000 | |
| 200 | 1 | @a现代建筑施工技术@AXian Dai Jian Zhu Shi Gong Ji Shu@f李大华,杨博主编@FLi Da Hua,Yang Bo Zhu Bian |
| 210 | @a合肥@c安徽科学技术出版社@d2001 | |
| 215 | @a499页@d26cm | |
| 606 | 0 | @a建筑工程@x工程施工@x技术 |
| 690 | @aTU74@v3 | |
| 701 | 0 | @a李大华@ALi Da Hua@4主编 |
| 701 | 0 | @a杨博@AYang Bo@4主编 |
| 801 | 0 | @aCN@bPFT@c20020408 |
| 905 | @a安徽大学@dTU74@eL142 | |
| 现代建筑施工技术/李大华,杨博主编.-合肥:安徽科学技术出版社,2001 |
| 499页;26cm |
| ISBN 7-5337-2127-6:RMB 35.00 |
| ● |
| 相关链接 |
|
|
|
正题名:现代建筑施工技术
索取号:TU74/L142
 
预约/预借
| 序号 | 登录号 | 条形码 | 馆藏地/架位号 | 状态 | 备注 |
| 1 | 357815 | 203578155 | 建筑库201/201建筑库 107排7列2层/ [索取号:TU74/L142] | 在馆 | |
| 2 | 357817 | 203578173 | 建筑库201/201建筑库 107排7列2层/ [索取号:TU74/L142] | 在馆 |